[Event "Buenos Aires op 3rd"]
[Site "Buenos Aires"]
[Date "2025.07.13"]
[Round "5"]
[White "Curcio, Luciano Joel"]
[Black "Taa Bakovich, Oliverio"]
[Result "1-0"]
[WhiteElo "1920"]
[BlackElo "1592"]
[PlyCount "91"]
[EventDate "2025.07.11"]
[EventType "swiss"]
[EventRounds "9"]
[EventCountry "ARG"]
[SourceTitle "CB30_2025"]
[SourceDate "2025.07.23"]
[SourceVersion "1"]
[SourceVersionDate "2025.07.23"]
[SourceQuality "1"]

1. e4 e6 2. d4 d5 3. Nc3 Nf6 4. Bg5 Be7 5. e5 Nfd7 6. Bxe7 Qxe7 7. f4 a6 8. Nf3 c5 9. Ne2 Nc6 10. c3 0-0 11. Ng3 cxd4 12. cxd4 f6 13. Be2 fxe5 14. fxe5 Rf4 15. 0-0 Qb4 16. Qc1 Rf8 17. a3 Qe7 18. Qe3 Nb6 19. Rac1 Bd7 20. b4 Rac8 21. Nd2 Rxf1+ 22. Bxf1 Na7 23. Nb3 Rxc1 24. Qxc1 Bb5 25. Qc5 Qd8 26. Na5 Bc6 27. Bxa6 bxa6 28. Nxc6 Nxc6 29. Qxc6 Kf7 30. Ne2 g5 31. Qb7+ Kg6 32. Qxa6 Qc7 33. Qd3+ Kg7 34. Qc3 Nc4 35. Qf3 Qf7 36. Qxf7+ Kxf7 37. a4 Ke8 38. Kf2 Nb2 39. Kg3 Nxa4 40. Kg4 Kf7 41. Kxg5 Nb6 42. Kh6 Nc4 43. Kxh7 Ne3 44. g3 Nf5 45. g4 Nh4 46. g5 1-0

[Event "Buenos Aires op 3rd"]
[Site "Buenos Aires"]
[Date "2025.07.13"]
[Round "4"]
[White "Tomeo, Nicolas"]
[Black "Curcio, Luciano Joel"]
[Result "1-0"]
[WhiteElo "2110"]
[BlackElo "1920"]
[PlyCount "119"]
[EventDate "2025.07.11"]
[EventType "swiss"]
[EventRounds "9"]
[EventCountry "ARG"]
[SourceTitle "CB30_2025"]
[SourceDate "2025.07.23"]
[SourceVersion "1"]
[SourceVersionDate "2025.07.23"]
[SourceQuality "1"]

1. Nf3 Nf6 2. d4 g6 3. c4 Bg7 4. Nc3 d6 5. g3 0-0 6. Bg2 c6 7. 0-0 Nbd7 8. Qc2 Re8 9. b3 e5 10. e3 Qc7 11. dxe5 dxe5 12. Ba3 Nf8 13. Rad1 Qa5 14. Qc1 e4 15. Nd2 Bf5 16. b4 Qc7 17. c5 h5 18. Nc4 Bg4 19. Rd2 Bf3 20. Nd6 Re5 21. Bxf3 exf3 22. Qd1 N8h7 23. Qxf3 Ng5 24. Qg2 Ne6 25. Bb2 Nd7 26. Ne2 Rd5 27. Rxd5 Bxb2 28. Rd2 Be5 29. Rfd1 Nf6 30. e4 a5 31. a3 axb4 32. axb4 Ra4 33. f4 Bxd6 34. Rxd6 Kg7 35. f5 Ng5 36. fxg6 Ngxe4 37. R6d4 Qe5 38. gxf7 Ra2 39. Rxe4 Nxe4 40. Qf3 Nf6 41. Nf4 Ra8 42. Qb3 Qe7 43. Ne6+ Kh8 44. f8Q+ Rxf8 45. Nxf8 Qxf8 46. Qc3 Kh7 47. Rf1 Kg6 48. Qe5 Qh8 49. Qf5+ Kf7 50. h3 Qh6 51. Qxf6+ Qxf6 52. Rxf6+ Kxf6 53. Kf2 Ke5 54. Ke3 Kd5 55. Kf4 Kc4 56. Ke5 Kxb4 57. Kd6 Kc4 58. g4 hxg4 59. hxg4 Kd4 60. g5 1-0

[Event "Buenos Aires op 3rd"]
[Site "Buenos Aires"]
[Date "2025.07.12"]
[Round "3"]
[White "Curcio, Luciano Joel"]
[Black "Poci, Pedro"]
[Result "1-0"]
[WhiteElo "1920"]
[BlackElo "1744"]
[PlyCount "143"]
[EventDate "2025.07.11"]
[EventType "swiss"]
[EventRounds "9"]
[EventCountry "ARG"]
[SourceTitle "CB30_2025"]
[SourceDate "2025.07.23"]
[SourceVersion "1"]
[SourceVersionDate "2025.07.23"]
[SourceQuality "1"]

1. d4 d5 2. Nf3 Bg4 3. e3 Nf6 4. h3 Bxf3 5. Qxf3 e6 6. Bd3 Nbd7 7. Nd2 Be7 8. 0-0 0-0 9. c3 c6 10. e4 dxe4 11. Nxe4 Nxe4 12. Qxe4 Nf6 13. Qf3 Qd5 14. Qe2 g6 15. Bf4 Nh5 16. Be5 Bf6 17. f3 Bxe5 18. Qxe5 Qxe5 19. dxe5 Nf4 20. Be4 Rad8 21. Rad1 Nd5 22. Kf2 Rd7 23. Rd3 Rfd8 24. Rfd1 Kf8 25. c4 Nb6 26. Rxd7 Rxd7 27. Rxd7 Nxd7 28. f4 Nc5 29. Bc2 Ke7 30. Ke3 f6 31. Kd4 b6 32. b4 fxe5+ 33. fxe5 Nd7 34. c5 bxc5+ 35. bxc5 Nb8 36. Bd3 Kf7 37. Be4 h6 38. Kc4 g5 39. Kb4 Ke7 40. Ka5 Kd7 41. Kb4 Kc7 42. Kc4 Na6 43. g3 Kd7 44. a3 Nc7 45. Bh7 Nd5 46. Kd4 Nc7 47. Kc4 Ke7 48. Be4 Kd7 49. Bd3 Nd5 50. Kb3 h5 51. Be4 Nc7 52. h4 gxh4 53. gxh4 Ne8 54. Ka4 Kc7 55. Kb3 Ng7 56. Kc4 Nf5 57. Bxf5 exf5 58. e6 Kd8 59. Kd4 Ke7 60. Ke5 f4 61. Kxf4 Kxe6 62. Kg5 Ke5 63. Kxh5 Kf5 64. a4 a5 65. Kh6 Kf6 66. h5 Kf7 67. Kg5 Kg7 68. h6+ Kh7 69. Kh5 Kg8 70. Kg6 Kh8 71. Kf6 Kh7 72. Ke6 1-0

[Event "Buenos Aires op 3rd"]
[Site "Buenos Aires"]
[Date "2025.07.12"]
[Round "2"]
[White "Garnier, Rene Augusto"]
[Black "Curcio, Luciano Joel"]
[Result "1-0"]
[WhiteElo "2231"]
[BlackElo "1920"]
[PlyCount "71"]
[EventDate "2025.07.11"]
[EventType "swiss"]
[EventRounds "9"]
[EventCountry "ARG"]
[SourceTitle "CB30_2025"]
[SourceDate "2025.07.23"]
[SourceVersion "1"]
[SourceVersionDate "2025.07.23"]
[SourceQuality "1"]

1. d4 f5 2. c4 Nf6 3. Nc3 e6 4. a3 b6 5. Nf3 Bb7 6. g3 Be7 7. Bg2 0-0 8. 0-0 a6 9. d5 Qe8 10. Nd4 Bc5 11. b4 Bxd4 12. Qxd4 e5 13. Qd2 d6 14. Bb2 Nbd7 15. f4 Qg6 16. e4 exf4 17. exf5 Qxf5 18. Rxf4 Qg6 19. Ne2 Ne5 20. Bxe5 dxe5 21. Rff1 Rad8 22. Nc3 Qg4 23. Qd3 Rfe8 24. Ne4 b5 25. Rxf6 bxc4 26. Qxc4 Bxd5 27. Rf8+ Kxf8 28. Rf1+ Ke7 29. Qc5+ Kd7 30. Qxd5+ Kc8 31. Qa8+ Kd7 32. Qxa6 Rf8 33. Qb5+ Ke6 34. Rxf8 Rxf8 35. Bh3 Rf1+ 36. Qxf1 1-0